Homenaje al maestro Rafael Altamira /

Este es un homenaje al jurista e historiador español Rafael Altamira y Crevea.

Guardado en:
Detalles Bibliográficos
Formato: Libro
Idioma:Español
Temas:
Etiquetas: Agrega una etiqueta
Sin etiquetas, Sé el primero en etiquetar este registro!

MARC

LEADER 00000nam^a2200000^a^4500
001 000133312
005 20250521000000.0
009 20260310095129.178
037 |a Acervo ITESO - Biblioteca 
041 |a ESP 
082 |a 946. 0092  |b HOM 
245 0 0 |a Homenaje al maestro Rafael Altamira /  |c B. Giner de los Ríos... [et al.]. 
264 |a México :  |b Imprenta Universitaria,  |c 1952 
300 |a 48 p. 
336 |a texto  |b txt  |2 rdacontenido 
337 |a sin mediación  |b n  |2 rdamedio 
338 |a volumen  |b nc  |2 rdasoporte 
520 |a Este es un homenaje al jurista e historiador español Rafael Altamira y Crevea. 
649 |a XX 
650 |a Historiadores Españoles -  |x Biografías 
650 |a Juristas Españoles -  |x Biografías 
650 |a España -  |x Historia 
650 |a América -  |x Historia 
650 |a Altamira y Crevea, Rafael 
910 |a Fondo Salvador Reynoso Reynoso 
920 |a Impresos - Libros 
930 |a Fondos Especiales 
905 |a 112 
901 |a 0800012823  |b IT2  |c ESP  |u 20250521 
902 |a https://opac.biblio.iteso.mx/vufind/Record/000133312